000 00715nam a2200217Ii 4500
003 JO-AjNU
008 230605s9999||||xx |||||||||||||| ||und||
017 _a2009/19419
020 _a978-977-422-167-0
040 _aJO-AjNU
_bara
_erda
_cJO-AjNU
041 _aara
050 1 4 _aQA 276 .S246 2010
100 3 _aسالم، كمال سلطان محمد,
_eauthor
_932621
245 0 0 _a مبادئ علم الإحصاء
264 3 1 _aالاسكندرية:الدار الجامعية، 2010
300 _a432ص
336 _atext
_btxt
_2rdacontent
337 _aunmediated
_bn
_2rdamedia
338 _avolume
_bnc
_2rdacarrier
650 4 _aالاحصاء-كتب دراسية -طرق الاحصائية
_932622
999 _aA13191
_c16759
_d16759